| 000 | 01075pam a2200337 i 4500 | ||
|---|---|---|---|
| 999 |
_c1636 _d1636 |
||
| 001 | 018891761 | ||
| 003 | Uk | ||
| 005 | 20230116171758.0 | ||
| 008 | 180413s2018 enka j 000|0|eng|d | ||
| 015 |
_aGBB8A2322 _2bnb |
||
| 016 | 7 |
_a018891761 _2Uk |
|
| 020 | _a9781784934941 (pbk.) : | ||
| 040 |
_aStDuBDS _beng _cStDuBDS _dUk _dKH8 _erda |
||
| 042 | _aukblcatcopy | ||
| 082 | 0 | 4 |
_a910 VEI _223 |
| 100 | 1 |
_aVeitch, Catherine, _eauthor. |
|
| 245 | 1 | 0 |
_aAround the world / _cCatherine Veitch ; illustrated by Fermin Solis. |
| 264 | 1 |
_aLondon : _bQED Publishing, _c2018. |
|
| 300 |
_a24 pages : _billustrations ; _c26 cm. |
||
| 336 |
_atext _2rdacontent |
||
| 336 |
_astill image _2rdacontent |
||
| 337 |
_aunmediated _2rdamedia |
||
| 338 |
_avolume _2rdacarrier |
||
| 490 | 0 | _aWhat's wrong? | |
| 500 |
_aFormerly CIP. _5Uk |
||
| 650 | 0 |
_aGeography _vPictorial works _vJuvenile literature. |
|
| 650 | 0 |
_aCulture _vPictorial works _vJuvenile literature. |
|
| 650 | 0 |
_aPicture puzzles _vJuvenile literature. |
|
| 700 | 1 |
_aSolís, Fermín, _d1972- _eartist. |
|
| 942 |
_2ddc _cNFIC |
||